Football 2010s International Competitions Winner's Team - Statistics

General Stats
  • This quiz has been taken 4,548 times
  • The average score is 48 of 83
Answer Stats
Player % Correct
Hugo Lloris
95%
Xavi
95%
Cristiano Ronaldo
94%
Kylian Mbappé
94%
Andrés Iniesta
93%
Iker Casillas
93%
Manuel Neuer
92%
Antoine Griezmann
90%
Olivier Giroud
90%
Paul Pogba
90%
Gerard Piqué
89%
N'Golo Kanté
88%
Sergio Ramos
88%
David Villa
87%
Benjamin Pavard
86%
Raphaël Varane
86%
Thiago Silva
86%
Philipp Lahm
85%
Thomas Müller
85%
Carles Puyol
84%
Pepe
84%
Adrien Silva
83%
Alexis Sanchez
83%
David Silva
83%
Lucas Hernandez
83%
Sergio Busquets
83%
Alisson
82%
Francisco Silva
82%
Jérôme Boateng
82%
Arturo Vidal
81%
Samuel Umtiti
81%
Jordi Alba
80%
Miroslav Klose
80%
Rui Patricio
79%
Mats Hummels
78%
Blaise Matuidi
77%
Bastian Schweinsteiger
73%
Toni Kroos
72%
Dani Alves
71%
Xabi Alonso
69%
Claudio Bravo
66%
Cesc Fabregas
64%
Mesut Özil
64%
Marquinhos
63%
Pedro
62%
Luis Suarez
61%
Nani
61%
Casemiro
59%
Gabriel Jesus
55%
Diego Forlan
50%
Alvaro Arbeloa
48%
José Fonte
46%
Renato Sanches
46%
William Carvalho
45%
Philippe Coutinho
44%
Roberto Firmino
44%
Alex Sandro
43%
Benedikt Höwedes
43%
Fernando Muslera
43%
Joan Capdevila
43%
Raphaël Guerreiro
42%
Gary Medel
40%
Eduardo Vargas
33%
Christoph Kramer
29%
Alvaro Pereira
28%
Maxi Pereira
28%
Cedric Soares
27%
Mauricio Isla
25%
João Mário
21%
Charles Aranguiz
19%
Everton
16%
Arthur
15%
Diego Lugano
14%
Jean Beausejour
14%
Martin Caceres
13%
Marcelo Diaz
10%
Jorge Valdivia
8%
Gonzalo Jara
7%
Sebastian Coates
7%
Alvaro Gonzalez
5%
Diego Pérez
5%
Egidio Arévalo
4%
José Fuenzalida
2%
No matching quizzes found
Score Distribution
Percent of People with Each Score
Percentile by Number Answered
Your Score History
You have not taken this quiz